[Event "4th Rome Open 2019"]
[Site "Rome"]
[Date "2019.12.10"]
[Round "4.1"]
[White "Vavulin, Maxim"]
[Black "Tran, Tuan Minh"]
[Result "1/2-1/2"]
[WhiteElo "2556"]
[BlackElo "2529"]
[Annotator "TA"]
[PlyCount "85"]
[EventDate "2019.12.08"]
[EventType "swiss"]
[EventCountry "ITA"]
[SourceTitle "playchess.com"]
[Source "ChessBase"]
[SourceQuality "1"]

{[%evp 10,85,19,17,22,9,21,18,25,15,31,-43,28,28,41,20,72,61,100,120,93,95,156,101,87,41,132,126,128,132,121,69,117,110,76,68,59,49,57,46,58,63,60,13,20,0,0,0,0,-12,-11,-16,0,0,0,0,0,0,0,0,0,0,0,0,0,0,0,-20,-20,-20,-20,-20,-20,-20,-20,-20,-20,-20]} 1. e4 c5 2. Nf3 d6 3. d4 cxd4 4. Nxd4 Nf6 5. Nc3 a6 6. Nb3 Nbd7 {B90: Sicilian Najdorf: Unusual White 6th moves, 6 Be3 Ng4 and 6 Be3 e5} 7. g4 h6 8. f4 $146 ({Predecessor:} 8. a4 Qc7 9. Bg2 Ne5 10. h3 g5 11. f4 gxf4 12. Bxf4 Bg7 13. Qe2 Bd7 14. O-O {1-0 (38) Bartel,M (2623)-Ragger,M (2695) Germany 2016}) 8... b5 9. Bg2 {aiming for e5.} Bb7 10. Qe2 (10. a3 $14) 10... e6 (10... b4 $15 11. Nd5 e6 12. Nxf6+ (12. Nxb4 d5 $15) 12... Nxf6) 11. a3 $1 $11 Be7 12. h4 g6 (12... h5 $11 {remains equal.}) 13. Bd2 $16 Qc7 14. O-O-O Rc8 15. Rh3 Nb6 {[#]} (15... h5 $142) 16. f5 (16. g5 $142 $1) 16... Nc4 17. Be1 gxf5 (17... h5 $1 $14) 18. exf5 Bxg2 19. Qxg2 d5 20. g5 ({White should play} 20. Kb1 $16) 20... hxg5 {Threatens to win with ...Qf4+.} 21. hxg5 Rxh3 22. Qxh3 Qf4+ 23. Kb1 Qg4 $1 {[%cal Rg4h3]} 24. Rd3 Qxh3 $1 25. Rxh3 Ng4 26. Nd4 e5 {The position is equal.} 27. Nxd5 {And now Rh8+ would win.} Bxg5 28. Nf3 Bd8 29. Bc3 Rc5 30. Nb4 a5 31. Nd3 Rd5 {Hoping for ...e4.} 32. Rg3 e4 33. Rxg4 exd3 34. cxd3 Rxd3 35. Re4+ Kd7 36. Rxc4 {[%mdl 64] [#] Remove Defender} bxc4 $11 {[%mdl 4096] Endgame KRB-KBN} 37. Ne5+ {[%mdl 64] Double Attack} Kd6 38. Nxf7+ Kc5 {White must now prevent ...Bc7.} 39. Nxd8 Rxd8 40. Bxa5 Rd1+ 41. Kc2 Rf1 42. Bd2 Rxf5 43. b3 {Accuracy: White = 66%, Black = 40%.} 1/2-1/2

[Event "4th Rome Open 2019"]
[Site "Rome"]
[Date "2019.12.10"]
[Round "4.3"]
[White "Smirnov, Anton"]
[Black "Dvirnyy, Danyyil"]
[Result "1-0"]
[WhiteElo "2585"]
[BlackElo "2487"]
[Annotator "TA"]
[PlyCount "49"]
[EventDate "2019.12.08"]
[EventType "swiss"]
[EventCountry "ITA"]
[SourceTitle "playchess.com"]
[Source "ChessBase"]
[SourceQuality "1"]

{[%evp 18,49,46,44,83,17,29,13,23,8,121,112,113,89,89,89,142,142,142,142,143,142,156,151,145,156,275,269,330,395,505,461,387,407]} 1. d4 Nf6 2. Nf3 d5 3. c4 e6 4. Nc3 c6 5. Bg5 Nbd7 6. e3 Be7 7. Bd3 O-O 8. O-O b6 9. cxd5 cxd5 10. Rc1 a6 {D51: Queen's Gambit Declined: 4 Bg5 Nbd7 sidelines} 11. a4 (11. Na4 $16) 11... Bb7 12. Rc2 $146 ({Predecessor:} 12. Qb3 Rc8 13. Ne2 h6 14. Bf4 g5 15. Rxc8 Bxc8 16. Bg3 Nh5 17. Rc1 Nxg3 18. hxg3 {½-½ (37) Ionov,S (2538)-Zvjaginsev,V (2654) Sochi 2004}) 12... Ne4 {The position is equal.} 13. Bf4 Nxc3 (13... g5 $11 {remains equal.} 14. Bxe4 dxe4 15. Nxg5 Bxg5) 14. Rxc3 $16 Rc8 15. Rxc8 Qxc8 {[#]} 16. Qb1 $1 h6 (16... Nf6 $142) 17. Rc1 Qa8 18. Rc7 $36 {[%mdl 2048] White is on the roll.} Bc6 19. Qc2 Rc8 {[#]} 20. Rxc8+ $1 Qxc8 {[#]} 21. Bxa6 $1 {[%mdl 576] Deflection} Qxa6 (21... Qa8 $16 22. h3 Nf6) 22. Qxc6 $18 Qe2 {( -> ...Qd1+)} 23. h3 Nf6 24. Qc7 Bb4 25. Ne5 {Accuracy: White = 55%, Black = 22%.} 1-0

[Event "4th Rome Open 2019"]
[Site "Rome"]
[Date "2019.12.11"]
[Round "5.1"]
[White "Tran, Tuan Minh"]
[Black "Smirnov, Anton"]
[Result "1/2-1/2"]
[WhiteElo "2529"]
[BlackElo "2585"]
[Annotator "TA"]
[PlyCount "33"]
[EventDate "2019.12.08"]
[EventType "swiss"]
[EventCountry "ITA"]
[SourceTitle "playchess.com"]
[Source "ChessBase"]
[SourceQuality "1"]

{[%evp 10,14,22,8,17,13,6]} 1. d4 d5 2. c4 c6 3. Nf3 Nf6 4. e3 Bg4 5. Nbd2 e6 6. Bd3 Nbd7 {D11: Slav Defence: 3 Nf3 sidelines and 3...Nf6 4 e3 Bg4} 7. O-O Bd6 {Predecessor:} 8. b3 $146 O-O 9. Bb2 a5 10. Qc2 Qb8 11. h3 Bh5 12. Ng5 Bg6 13. Bxg6 hxg6 14. a4 Bb4 15. Ndf3 Nh7 16. Nxh7 Kxh7 17. e4 {1-0 (54) Andreikin,D (2712)-Korobov,A (2652) Huaian 2017} 1/2-1/2

[Event "4th Rome Open 2019"]
[Site "Rome"]
[Date "2019.12.11"]
[Round "5.2"]
[White "Tiviakov, Sergei"]
[Black "Vavulin, Maxim"]
[Result "1/2-1/2"]
[WhiteElo "2615"]
[BlackElo "2556"]
[Annotator "TA"]
[PlyCount "47"]
[EventDate "2019.12.08"]
[EventType "swiss"]
[EventCountry "ITA"]
[SourceTitle "playchess.com"]
[Source "ChessBase"]
[SourceQuality "1"]

{[%evp 10,47,21,3,12,0,18,0,0,0,0,-4,14,-6,-6,-16,-7,-7,8,0,0,8,0,0,34,7,12,0,25,0,0,-41,-33,-64,0,0,0,-26,-25,-32]} 1. e4 e5 2. Nf3 Nc6 3. Bc4 Nf6 4. d3 Bc5 5. c3 d6 6. Bb3 a5 {C54: Giuoco Piano: 4 c3 Nf6, main lines with 5 d4 and 5 d3} 7. O-O (7. Nbd2 O-O 8. Nf1 Be6 9. Ng3 h6 10. O-O Bxb3 11. axb3 d5 12. Qe2 Re8 13. Bd2 Bf8 14. Rfd1 {0-1 (96) Mamedov,R (2699)-Shankland,S (2722) Batumi 2018}) 7... h6 8. Be3 Bxe3 {The position is equal.} 9. fxe3 O-O 10. Nbd2 Be6 11. Bc2 Ne7 12. Nh4 $146 ({Predecessor:} 12. d4 Ng6 13. Qe1 a4 14. a3 c6 {1-0 (45) Hector,J (2501)-Hansen,S (2583) Malmo 2018}) 12... Ng6 13. Nf5 d5 14. d4 dxe4 15. Nxe4 Nxe4 16. Bxe4 Qg5 17. Qd3 exd4 18. cxd4 Rad8 19. Rac1 c6 20. Rc3 Rfe8 21. g3 Qg4 (21... Ne7 $15 22. Nxe7+ Qxe7) 22. Bg2 $11 a4 23. a3 Ne7 24. Nxe7+ {Accuracy: White = 26%, Black = 48%.} 1/2-1/2

[Event "4th Rome Open 2019"]
[Site "Rome"]
[Date "2019.12.11"]
[Round "5.3"]
[White "Kollars, Dmitrij"]
[Black "Evdokimov, Alexander A."]
[Result "1/2-1/2"]
[WhiteElo "2584"]
[BlackElo "2472"]
[Annotator "TA"]
[PlyCount "144"]
[EventDate "2019.12.08"]
[EventType "swiss"]
[EventCountry "ITA"]
[SourceTitle "playchess.com"]
[Source "ChessBase"]
[SourceQuality "1"]

{[%evp 10,144,29,22,31,33,77,82,103,71,68,104,87,65,68,63,76,67,59,67,80,15,11,8,13,0,30,-17,60,28,22,31,33,31,25,28,31,31,105,108,94,8,2,9,23,14,33,0,0,0,0,0,14,0,6,13,10,0,0,0,0,0,0,0,0,-68,-64,-360,-46,-31,-64,-299,-291,-291,-285,-297,-291,-287,-262,-297,-90,-293,-68,-90,-48,-148,-35,-105,-92,-103,-38,-122,-102,-115,-104,-165,-110,-119,-110,-127,-112,-112,-125,-256,-73,-83,0,-205,-109,-156,-141,-148,-159,-147,-97,-90,-98,-126,0,0,0,0,0,0,0,0,0,0,0,0,0,0,0,0,0,0,0]} 1. e4 c5 2. Nf3 d6 3. d4 cxd4 4. Nxd4 Nf6 5. Nc3 Nc6 6. f3 Qb6 {B56: Classical Sicilian: Unusual Lines} (6... e5 7. Nb3 Be7 8. Be3 Be6 9. Nd5 O-O 10. c4 a5 11. Be2 Nd7 12. Nxe7+ Qxe7 13. O-O Nc5 14. Nd2 f5 15. exf5 Bxf5 16. Nb1 Nd4 17. Nc3 {0-1 (53) Oleksienko,M (2600)-Yu,Y (2736) Changsha 2019}) 7. Be3 Nxd4 $146 ({Predecessor:} 7... a6 8. Qd2 Nxd4 9. Bxd4 Qa5 10. Bc4 e6 11. O-O-O Be7 12. Bb3 O-O 13. Kb1 Qc7 14. g4 {½-½ (23) Prince,B (2404)-Istratescu,A (2575) Paleochora 2018}) 8. Bxd4 Qa5 {White is better.} 9. Bb5+ Bd7 10. Bxd7+ Nxd7 11. O-O Ne5 12. Nd5 e6 13. b4 Qd8 14. Ne3 g5 15. Bxe5 (15. Qe1 $16) 15... dxe5 $11 16. Qe2 Qb6 17. Kh1 Be7 18. Ng4 Bd6 (18... Qa6 $11 19. Qxa6 bxa6) 19. Rab1 h5 20. Ne3 Be7 21. c4 O-O 22. c5 Qc7 $1 23. Nc4 Rfd8 (23... Rad8 $14) 24. f4 $1 $16 {[%cal Rf4e5]} exf4 25. Qxh5 (25. e5 $1 $16) 25... Kg7 $1 $11 26. Nd6 Rxd6 $1 27. cxd6 Qxd6 28. g3 Rh8 29. Qf3 $1 {[%cal Rg3f4]} e5 $1 (29... Qd2 $2 30. Rf2 $16) 30. Rg1 Rh3 31. Qg4 Qh6 {[%csl Gh6][%cal Rh3h2]} 32. Rb2 Qh7 33. gxf4 Rh4 $40 {[%mdl 128] White needs to defend precisely.} 34. Qe2 exf4 35. Rd2 Rh3 36. Rd7 Re3 {[%mdl 64] Double Attack} 37. Qc2 (37. Qb2+ $11 Bf6 38. Rxg5+ Kf8 39. Qc2 (39. Qxf6 $2 {is a self mate.} Qxe4+ {[%mdl 64] Double Attack} 40. Kg1 Re1+ 41. Kf2 Qe2#)) 37... Bf6 $15 {[%mdl 1024] Black has compensation.} 38. Rgd1 $2 {[%mdl 8192]} (38. Rd5 $15) 38... Rc3 $2 (38... f3 $19 39. R7d2 (39. Rxb7 $2 Rxe4 40. Qb3 Qh5 $19) 39... Rxe4) 39. Qg2 {e5 is the strong threat.} Qh5 40. Rg1 $2 (40. R7d3 $15) 40... Rg3 $1 $19 {[%cal Rg3g2]} 41. Qf2 Rxg1+ {[%mdl 64] Overworked Piece} 42. Qxg1 {[%mdl 4096] Endgame KQR-KQB} Qe2 {[%mdl 64] White must now prevent ...f3. Double Attack} 43. e5 Qxe5 44. Rd1 Qe4+ $1 45. Qg2 {[#]} Qxb4 $2 (45... f3 $1 $19 {[%cal Rf3g2]} 46. Qf2 Bc3) 46. Rf1 Qc4 47. Rg1 ({White should try} 47. h4 $1 $15) 47... Kf8 ({Black should play} 47... b5 $17 {Strongly threatening ...a5.} 48. Rf1 Kh6) 48. h3 (48. Qxb7 $15 Qd3 49. Qa8+ Kg7 50. Qg2) 48... Qd3 49. Rf1 b5 {[#]} (49... Qf5 $17 50. Qg4 Qe4+ 51. Qf3 Qf5) 50. Qa8+ {[#]} (50. h4 $1 $15 {[%mdl 512]}) 50... Kg7 $1 51. Qf3 Qh7 52. Qg4 (52. Kg2 $17 {was necessary.}) 52... Qe4+ ({Better is} 52... a5 $19 53. h4 a4) 53. Qg2 $17 Qf5 54. Qg4 Qd5+ 55. Qg2 Qc4 56. Rf3 (56. h4 $17) 56... Qc1+ $2 (56... b4 $19 {has better winning chances.} 57. h4 a5 58. hxg5 Be5) 57. Rf1 Qc4 (57... Qc7 $17) 58. Rf3 $1 $19 Qb4 (58... a5 $19 59. Rf2 b4) 59. Kh2 Qe1 60. Rf1 Qe5 61. Kh1 a5 62. h4 Qf5 {Threatens to win with ...g4.} 63. hxg5 Bxg5 (63... Bd4 $17 64. Rf3 b4) 64. Rg1 $11 {The position is equal.} f6 65. Qb7+ Kg6 {[%cal Rf5h3]} 66. Qf3 b4 67. Rd1 a4 68. Qd3 f3 69. Qxf5+ Kxf5 70. Rd4 $1 b3 {aiming for ...b2.} 71. Rxa4 bxa2 ({Much weaker is} 71... b2 $6 72. Rb4 $18) 72. Kg1 $1 Be3+ {Accuracy: White = 52%, Black = 39%.} 1/2-1/2

[Event "4th Rome Open 2019"]
[Site "Rome"]
[Date "2019.12.12"]
[Round "6.1"]
[White "Smirnov, Anton"]
[Black "Maiorov, Nikita"]
[Result "1-0"]
[WhiteElo "2585"]
[BlackElo "2523"]
[Annotator "TA"]
[PlyCount "82"]
[EventDate "2019.12.08"]
[EventType "swiss"]
[EventCountry "ITA"]
[SourceTitle "playchess.com"]
[Source "ChessBase"]
[SourceQuality "1"]

{[%evp 17,82,0,0,0,0,-4,0,0,13,5,12,8,9,12,20,18,20,16,27,28,18,23,16,5,6,3,13,0,4,8,13,8,6,-9,-4,-10,-11,-11,-11,-37,-25,-39,-31,-55,-55,-55,-55,-87,-48,-50,0,0,0,0,0,-8,0,-62,-50,-57,-8,-39,-8,-12,0,-8,0]} 1. e4 e5 2. Nf3 Nc6 3. d4 exd4 4. Nxd4 Nf6 5. Nc3 Bb4 6. Nxc6 bxc6 7. Bd3 O-O 8. O-O d5 9. exd5 cxd5 10. h3 {C47: Scotch Four Knights and Four Knights with 4 g3} (10. Bg5 c6 11. Qf3 Bd6 12. Rae1 Rb8 13. Nd1 h6 14. Bxf6 Qxf6 15. Qxf6 gxf6 16. b3 f5 17. Ne3 f4 18. Nf5 Bxf5 19. Bxf5 Kg7 20. g3 Kf6 21. Bd3 {½-½ (30) Movsesian,S (2654)-Ding,L (2811) Khanty-Mansiysk 2019}) 10... c6 11. Qf3 Bd6 12. Bf4 Rb8 13. b3 Re8 14. Rfe1 Be6 15. Ne2 Qc7 16. Qg3 Rbd8 {[#]} 17. Bxd6 $146 ({Predecessor:} 17. Qh4 Bxf4 18. Nxf4 {½-½ (70) Antal,G (2503)-Kovacs,G (2471) Hungary 2014}) 17... Qxd6 18. Qxd6 Rxd6 19. b4 Nd7 20. c3 c5 21. a3 Rc8 22. Rad1 Ne5 23. Nf4 Nxd3 24. Rxd3 g6 25. b5 a6 26. a4 axb5 27. axb5 ({Don't play} 27. Nxe6 Rxe6 28. Rxe6 fxe6 $17) 27... c4 28. Rd2 Rc5 29. Rb2 Rb6 30. Ne2 {Threatening Nd4.} Rcxb5 31. Rxb5 Rxb5 $15 {[%mdl 4096] Endgame KRB-KRN} 32. Nd4 Rb2 33. g4 h5 34. gxh5 gxh5 35. h4 Rd2 36. Kg2 Kg7 37. Re3 (37. Nxe6+ $11 fxe6 38. Rxe6) 37... Kf6 38. Kg3 Bg4 39. f3 Bf5 (39... Be6 $5) 40. Kf4 Bg6 41. Re1 Ra2 {[%mdl 32768] Accuracy: White = 59%, Black = 60%. . Loss on time!?} 1-0

[Event "4th Rome Open 2019"]
[Site "Rome"]
[Date "2019.12.12"]
[Round "6.2"]
[White "Vavulin, Maxim"]
[Black "Mikaelyan, Arman"]
[Result "0-1"]
[WhiteElo "2556"]
[BlackElo "2467"]
[Annotator "TA"]
[PlyCount "51"]
[EventDate "2019.12.08"]
[EventType "swiss"]
[EventCountry "ITA"]
[SourceTitle "playchess.com"]
[Source "ChessBase"]
[SourceQuality "1"]

{[%evp 10,51,26,-124,-121,-116,-117,-127,-127,-127,-109,-122,-131,-129,-105,-133,-126,-104,-77,-77,-81,-94,-118,-85,-84,-84,-28,-87,-59,-66,-49,-621,-52,-608,-598,-1427,-1381,-1906,-1912,-29987,-483,-464,-463,-421]} 1. e4 c5 2. Nc3 d6 3. Nf3 e5 4. Bc4 Nc6 5. d3 Be7 6. Ng5 (6. O-O $11) 6... Bxg5 $17 {[#] B30: Sicilian: 2...Nc6 3 Bb5, lines without ...g6} (6... Nh6 7. Qh5 O-O 8. Nd5 Nd4 9. O-O b5 10. Nxe7+ Qxe7 11. Bd5 Bb7 12. Bxb7 Qxb7 13. c3 Nc6 14. Nh3 {½-½ (55) Andreikin,D (2722)-Le,Q (2704) Hengshui 2019}) 7. Qh5 $1 {[%csl Gc4,LRf7,LRg5][%cal Rh5f7][%mdl 576] Double Attack} Be7 $1 8. Qxf7+ {[%mdl 64] Double Attack} Kd7 {Black is better.} 9. Qxg7 (9. Nb5 $2 Qf8 $19) 9... Nf6 $1 10. f4 Kc7 11. fxe5 $146 ({Predecessor:} 11. f5 Kb8 12. Bd2 Bd7 13. O-O-O Qf8 14. Qxf8+ Rxf8 {0-1 (41) Tosic,M (2420)-Yegiazarian,A (2450) Ankara 1995}) 11... Nxe5 {[%cal Bc6e5,Be5c4,Bc4e3,Be3c2][%mdl 32]} 12. Bg5 {Bxf6 is the strong threat.} Kb8 $1 13. O-O {[%cal Rg5f6]} Nxc4 14. Bxf6 Bxf6 15. Rxf6 Rg8 ({Don't go for} 15... Nxb2 $2 16. Rb1 $18) 16. Qxh7 Ne3 ({Don't play} 16... Qxf6 17. Qxg8 Ne3 18. Qg3 $11) ({Inferior is} 16... Nxb2 17. Rg6 $16) 17. Rg6 Rh8 {[#]} (17... Rxg6 $17 18. Qxg6 Nxc2) 18. Qf7 (18. Rxd6 $1 $11 {[%mdl 512] remains equal.} Qg5 (18... Qxd6 19. Qxh8) 19. Qg6) 18... Rf8 $36 {[%mdl 2048] Black is pushing.} 19. Qg7 {With the idea Nb5.} Nxc2 20. Rf1 $2 {[%mdl 8192]} (20. Rc1 $15 Nd4 21. Rf1) 20... Rxf1+ $19 21. Kxf1 Qh4 {[%csl Gc2][%cal Rh4e1]} 22. g4 Qh3+ 23. Kf2 Qxh2+ 24. Kf1 Qh3+ (24... Qf4+ $142 25. Ke2 Qe3+ 26. Kf1 Qf3+ 27. Kg1 Ne3 28. Qc7+ {[%mdl 64] Decoy} Kxc7 29. Nd5+ Nxd5 {[%mdl 64] Discovered Attack} 30. exd5 Bxg4 31. Rg7+ {[#]} Kb6 $1 {[%mdl 512]} 32. Rf7 Qg3+ 33. Kf1 Rh8 34. Rxb7+ Kxb7 35. b3 Rh1#) 25. Kf2 Qe3+ 26. Kg2 {Accuracy: White = 44%, Black = 72%.} 0-1

[Event "4th Rome Open 2019"]
[Site "Rome"]
[Date "2019.12.12"]
[Round "6.3"]
[White "Kollars, Dmitrij"]
[Black "Tran, Tuan Minh"]
[Result "1/2-1/2"]
[WhiteElo "2584"]
[BlackElo "2529"]
[Annotator "TA"]
[PlyCount "63"]
[EventDate "2019.12.08"]
[EventType "swiss"]
[EventCountry "ITA"]
[SourceTitle "playchess.com"]
[Source "ChessBase"]
[SourceQuality "1"]

{[%evp 24,63,-1,0,12,20,21,20,22,33,32,29,45,14,12,0,0,4,0,0,0,16,0,0,0,0,22,16,15,13,17,0,8,4,8,0,0,0,0,0,0,-13]} 1. e4 c5 2. Nf3 d6 3. d4 cxd4 4. Nxd4 Nf6 5. Nc3 a6 6. Be2 e5 7. Nb3 Be7 8. Be3 Be6 9. Qd3 O-O 10. O-O Nbd7 11. Nd5 Bxd5 12. exd5 Rc8 13. c4 a5 {[%cal Ba6a5,Ba5a4][%mdl 32] B92: Sicilian Najdorf: 6 Be2} (13... Ne8 14. f3 g6 15. Kh1 Ng7 16. Bg1 Bg5 17. Rad1 h5 18. Nd2 f5 19. b4 h4 20. c5 dxc5 21. d6 cxb4 {1-0 (45) Karjakin,S (2782)-Grischuk,A (2766) Paris 2018}) 14. Rad1 Ne8 15. Kh1 $146 ({Predecessor:} 15. Bg4 e4 16. Qe2 f5 17. Nd4 Ne5 18. Bxf5 Rxc4 19. Ne6 Qc8 20. Nxf8 Qxf5 {1-0 (55) Priya Panneer,R (2165)-Harini,S (2013) Jalgaon 2012}) 15... a4 16. Nd2 Bg5 17. Bxg5 Qxg5 18. Qa3 (18. Ne4 $5 {[%cal Re4g5]} Qe7 19. Nc3 $14) 18... Nc5 {The position is equal.} 19. b4 axb3 $1 20. axb3 Nf6 21. b4 Nce4 22. Nxe4 Nxe4 23. f3 Nf6 24. c5 Nh5 25. Rfe1 Rfd8 26. Bf1 Qh4 27. Qc3 Ng3+ 28. Kg1 Nxf1 29. Kxf1 dxc5 30. bxc5 Qxh2 31. d6 {[#]} e4 $1 {[%mdl 512]} 32. fxe4 {Accuracy: White = 73%, Black = 76%.} (32. Rxe4 Qh1+) 1/2-1/2

[Event "4th Rome Open 2019"]
[Site "Rome"]
[Date "2019.12.13"]
[Round "7.1"]
[White "Mikaelyan, Arman"]
[Black "Smirnov, Anton"]
[Result "1/2-1/2"]
[WhiteElo "2467"]
[BlackElo "2585"]
[Annotator "ChessBase"]
[PlyCount "137"]
[EventDate "2019.12.08"]
[EventType "swiss"]
[EventCountry "ITA"]
[SourceTitle "playchess.com"]
[Source "ChessBase"]
[SourceQuality "1"]
[TimeControl "40/5400+30:1800+30"]

1. e4 e6 2. d4 d5 3. Bd3 dxe4 4. Bxe4 Nf6 5. Bf3 c5 6. Ne2 Nc6 7. Be3 e5 8. Bxc6+ bxc6 9. dxe5 Qxd1+ 10. Kxd1 Ng4 11. Nd2 Nxe5 12. h3 Be7 13. f4 Ng6 14. g3 O-O 15. Ke1 Rb8 16. b3 Bf5 17. Rc1 h5 18. Kf2 Rfe8 19. Nc4 Nf8 20. Ne5 Rbc8 21. Kf3 f6 22. Nd3 c4 23. Nd4 Bd7 24. bxc4 c5 25. Nb3 Bc6+ 26. Kf2 Bxh1 27. Rxh1 Nd7 28. a4 f5 29. a5 Bf6 30. Kf3 Re4 31. Nd2 Rce8 32. Nxe4 fxe4+ 33. Ke2 exd3+ 34. Kxd3 Rd8 35. Ke4 Bc3 36. a6 Nf6+ 37. Kf3 Rd6 38. Bxc5 Rxa6 39. Rd1 Ra5 40. Be3 Bb4 41. Rd8+ Kh7 42. Rb8 Bd6 43. Rb5 Ra4 44. c5 Bc7 45. c6 a6 46. Rc5 Ra3 47. c3 a5 48. Bd4 a4 49. Be5 Ne8 50. Ke4 Ra1 51. Bxc7 Nxc7 52. Ke5 Rd1 53. Ra5 Kg6 54. c4 Re1+ 55. Kd6 Ne8+ 56. Kd7 Kf7 57. Rxa4 Rd1+ 58. Kc8 Nd6+ 59. Kc7 Ne8+ 60. Kb6 Rb1+ 61. Kc5 Rb3 62. c7 Nxc7 63. Ra7 Rxg3 64. Rxc7+ Kf6 65. Kd4 Rxh3 66. Ke4 g6 67. Rc6+ Kf7 68. Rc7+ Kf6 69. Rc6+ 1/2-1/2

[Event "4th Rome Open 2019"]
[Site "Rome"]
[Date "2019.12.13"]
[Round "7.2"]
[White "Tran, Tuan Minh"]
[Black "Dvirnyy, Danyyil"]
[Result "1-0"]
[WhiteElo "2529"]
[BlackElo "2487"]
[Annotator "ChessBase"]
[PlyCount "63"]
[EventDate "2019.12.08"]
[EventType "swiss"]
[EventCountry "ITA"]
[SourceTitle "playchess.com"]
[Source "ChessBase"]
[SourceQuality "1"]
[TimeControl "40/5400+30:1800+30"]

1. d4 Nf6 2. c4 e6 3. Nc3 Bb4 4. e3 O-O 5. Bd3 d5 6. a3 Bxc3+ 7. bxc3 dxc4 8. Bxc4 c5 9. Ne2 Qc7 10. Bd3 e5 11. O-O Nc6 12. Qc2 Be6 13. Bb2 Rac8 14. Rad1 h6 15. dxe5 Nxe5 16. c4 Nfg4 17. Nf4 Nxd3 18. Qxd3 Rfe8 19. Rd2 Ne5 20. Qc2 Rcd8 21. Rxd8 Rxd8 22. Nxe6 fxe6 23. Qe4 Nd3 24. Qxe6+ Kh7 25. Bc3 Rd6 26. Qe4+ Kg8 27. f4 a6 28. h3 Qf7 29. Rf3 Nc1 30. Kh2 Ne2 31. Be5 Rd1 32. Qc2 1-0

[Event "4th Rome Open 2019"]
[Site "Rome"]
[Date "2019.12.14"]
[Round "8.1"]
[White "Mikaelyan, Arman"]
[Black "Tran, Tuan Minh"]
[Result "1-0"]
[WhiteElo "2467"]
[BlackElo "2529"]
[Annotator "TA"]
[PlyCount "59"]
[EventDate "2019.12.08"]
[EventType "swiss"]
[EventCountry "ITA"]
[SourceTitle "playchess.com"]
[Source "ChessBase"]
[SourceQuality "1"]

{[%evp 11,59,-7,-3,-1,-11,-8,0,-13,0,-12,0,-12,0,0,0,-24,-19,-18,-19,-26,-25,-35,-34,-22,-10,-22,-22,-45,-26,-48,-48,-72,232,239,274,273,273,272,270,266,250,250,349,235,243,237,337,332,323,314]} 1. e4 c5 2. Nc3 d6 3. f4 g6 4. Nf3 Bg7 5. Bc4 Nc6 6. O-O e6 7. d4 {B23: Closed Sicilian: Lines without g3} cxd4 8. Nb5 Nge7 (8... Na5 9. Bd3 e5 10. b4 Nc6 11. Bc4 Nf6 12. c3 a6 13. Ng5 axb5 14. Bxf7+ Ke7 15. cxd4 Nxd4 {½-½ (33) Nepomniachtchi,I (2775)-Giri,A (2779) Paris 2019}) 9. Bb3 {[%cal Rf3d4] The position is equal.} O-O 10. Nbxd4 Na5 11. Be3 Bd7 $146 ({Predecessor:} 11... a6 12. c4 b6 13. Qd2 Qc7 14. Rac1 Nxb3 15. axb3 {½-½ (30) Narayanan,S (2525)-Amonatov,F (2608) Kolkata 2018}) 12. Qe2 Qc7 13. e5 dxe5 14. fxe5 Nf5 15. Bf2 Nxd4 16. Bxd4 Rad8 17. c3 b6 18. Rae1 Bc6 19. Ng5 {Hoping for Bxe6!} Bd5 20. Bxd5 Rxd5 21. Qg4 {And now Qh3 would win.} Nc6 $2 {[%mdl 8192] [#]} (21... h6 $17 22. Nxf7 (22. Nxe6 $2 Qc8 $19 {[%mdl 64] Pin}) 22... Rxf7 23. Qxe6 Rd8) 22. Qh3 $1 $18 {[%csl Gg5][%cal Rh3h7]} ({Avoid the trap} 22. Nxe6 $2 Qd7 $19) 22... h6 {[#]} 23. Nxe6 $1 {[%mdl 576] Double Attack} Qd7 (23... fxe6 24. Qxe6+) 24. Nxf8 {[%mdl 64] Discovered Attack} Qxh3 25. gxh3 Kxf8 26. Rd1 Ke7 27. Kg2 Ke6 28. Bf2 Bxe5 (28... Rxd1 {might work better.} 29. Rxd1 Nxe5) 29. Rxd5 Kxd5 30. Be3 {[%mdl 64] Discovered Attack. Accuracy: White = 59%, Black = 68%.} 1-0